000 01074nac a22003737a 4500
001 BR0601998
003 BR-BrBNA
005 20240105123320.0
008 230509b bl.|||m| |||| 00| 0 por d
040 _aBR-BrBNA
_bpor
_cBiblioteca Nacional de Agricultura
072 _aF01; F04
090 _a0290 BR0601998
100 1 _aLima Filho, O.F. de
100 1 _aValois, A.C.C.
100 1 _aLucas, Z.M.
110 1 _aEMBRAPA Agropecuária Oeste, Dourados, MS (Brasil)
245 1 _aEstévia
260 3 _aDourados, MS (Brasil):
_c2004.
300 _a55 p.
490 _aSistema de Produção - EMBRAPA Agropecuária Oeste (Brazil)
_vno. 5
_xISSN 1676-4129
500 _a10 illus.; 5 tables; 17 ref.
650 _aSTÉVIA
650 _aBOTÂNICA
650 _aAGRONEGÓCIO
650 _aCADEIA PRODUTIVA
650 _aSEMENTE
650 _aCOLHEITA
650 _aERVA DANINHA
650 _aAGRICULTURA FAMILIAR
650 _aADUBAÇÃO
650 _aNUTRIÇÃO VEGETAL
909 _a202312
_bLúcia Elande
_c55
_dLúcia Elande
942 _2AGRIS
_n0
_cMS
999 _c294913
_d294913